BIBLIOTECA

SENCICO

Organización y control de obra : (Registro nro. 2653)

Detalles MARC
000 -LEADER
fixed length control field 01071nam a2200253Ia 4500
003 - CONTROL NUMBER IDENTIFIER
control field PE SENCICO BE
005 - DATE AND TIME OF LATEST TRANSACTION
control field 20251020182549.0
008 - FIXED-LENGTH DATA ELEMENTS--GENERAL INFORMATION
fixed length control field 200515s9999 xx 000 0 und d
040 ## - CATALOGING SOURCE
Original cataloging agency PE SENCICO BE
Transcribing agency PE SENCICO BE
041 ## - LANGUAGE CODE
Language code of text/sound track or separate title spa
082 ## - DEWEY DECIMAL CLASSIFICATION NUMBER
Classification number 690.0681
Item number V25
100 1# - MAIN ENTRY--PERSONAL NAME
Personal name Valtierra Solares, Alberto
9 (RLIN) 1360
Relator term autor
245 10 - TITLE STATEMENT
Title Organización y control de obra :
Remainder of title modelos para administrar la obra arquitectónica /
Statement of responsibility, etc. Alberto Valtierra Solares
250 ## - EDITION STATEMENT
Edition statement [1a ed.]
260 ## - PUBLICATION, DISTRIBUTION, ETC.
Place of publication, distribution, etc. México :
Name of publisher, distributor, etc. Trillas,
Date of publication, distribution, etc. 2014
300 ## - PHYSICAL DESCRIPTION
Extent 151 p. :
Other physical details diagrs., tabls. ;
Dimensions 24 cm.
520 ## - SUMMARY, ETC.
Summary, etc. Presenta los programas en ingenieria ofertados actualmente, con un enfoque hacia el estudiante de secundaria que desea iniciar sus estudios en esta área del conocimiento y aún no tiene claridad en que programa de ingeniería es el adecuado.
650 10 - SUBJECT ADDED ENTRY--TOPICAL TERM
Topical term or geographic name entry element Construcción
9 (RLIN) 177
650 20 - SUBJECT ADDED ENTRY--TOPICAL TERM
Topical term or geographic name entry element Administración de la industria de la construcción
9 (RLIN) 941
650 20 - SUBJECT ADDED ENTRY--TOPICAL TERM
Topical term or geographic name entry element Contratos
9 (RLIN) 1361
650 20 - SUBJECT ADDED ENTRY--TOPICAL TERM
Topical term or geographic name entry element Presupuestos de obra
9 (RLIN) 863
650 20 - SUBJECT ADDED ENTRY--TOPICAL TERM
Topical term or geographic name entry element Control de obras
9 (RLIN) 1362
942 ## - ADDED ENTRY ELEMENTS (KOHA)
Koha item type Libros
Source of classification or shelving scheme Dewey Decimal Classification
Existencias
Fecha de la última vez que lo usaron Número de ingreso o de inventario Pago total Signatura topográfica completa Precio efectivo desde Tipo de documento Estado perdido Sistema de clasificación Estado dañado No es para préstamo Retirado Ubicación permanente Ubicación actual Fecha de adquisición Fuente de adquisición
15/05/2020 16635   690.0681/V25 20/10/2025 Libros   Dewey Decimal Classification       Biblioteca Central Lima Biblioteca Central Lima 03/08/2023 Comprado de la librería Cydma Tech